Bezpečnost v Linuxu

Na minha lista:
Detalhes bibliográficos
Autor principal: Toxen, Bob
Outros Autores: Krásenský, David
Formato: Livro
Idioma:tcheco
Publicado em: Brno Computer Press 2003
Colecção:Security
Assuntos:
Tags: Adicionar Tag
Sem tags, seja o primeiro a adicionar uma tag!

MARC

LEADER 00000nam$a2200000$$$4500
001 0023308
005 20240313132744.3
020 |a 80-7226-716-7 
041 0 |a cze 
044 |a CZ 
245 1 0 |a Bezpečnost v Linuxu  |c Bob Toxen ; překlad: David Krásenský 
264 1 |a Brno  |b Computer Press  |c 2003 
300 |a 849 s. 
490 1 |a Security 
830 0 |a Security 
610 2 0 |a siete počítačové 
610 2 0 |a softvér 
610 2 0 |a systémy operačné 
610 2 0 |a ochrana dát 
610 2 0 |a Linux 
100 1 |a Toxen, Bob 
700 1 |a Krásenský, David